000 002330000a22000970004500
100 1 _aClifton Reitmeier, Pamela
245 1 0 _aOn the road with radio rurale
300 _aNúm 1 (1989), Páginas 8
773 0 _tPaso a paso
942 _cANA
999 _c52029
_d52029